[Event "Muensterland Verbandsklasse Gr1 2223"]
[Site "Germany"]
[Date "2023.01.28"]
[Round "4.1"]
[White "Burike, Christian"]
[Black "Diersen, Joerg"]
[Result "1/2-1/2"]
[WhiteElo "1734"]
[BlackElo "1861"]
[PlyCount "51"]
[EventDate "2022.09.17"]
[EventType "team-tourn"]
[EventRounds "5"]
[EventCountry "GER"]
[SourceTitle "EXT 2024"]
[Source "ChessBase"]
[SourceDate "2023.10.10"]
[SourceVersion "1"]
[SourceVersionDate "2023.10.10"]
[SourceQuality "1"]
[WhiteTeam "Bocholt II"]
[BlackTeam "Muenster Indische Dame"]
[WhiteTeamCountry "GER"]
[BlackTeamCountry "GER"]

1. d4 Nf6 2. Bg5 e6 3. e4 h6 4. Bxf6 Qxf6 5. Nf3 d5 6. Bd3 c5 7. c3 Nc6 8. 0-0 Bd7 9. exd5 exd5 10. Re1+ Be6 11. Ne5 Nxe5 12. dxe5 Qf4 13. Bb5+ Kd8 14. g3 Qg4 15. Be2 Qh3 16. Bf3 Kc7 17. Bxd5 Rd8 18. c4 Be7 19. Qf3 Rb8 20. Nc3 a6 21. Qe3 Rbd8 22. Rad1 Kb8 23. Bg2 Qg4 24. Bf3 Qxc4 25. b3 Qb4 26. Nd5 1/2-1/2